MARC

LEADER 00000nab a2200000 a 4500
001 vtls000127354
003 SK-MaSNL
005 20260303032403.0
008 111104c1982 xo 0 slo
015 |a SNBRB19rr/mm-uuuuu 
035 |a CL0137459 
040 |a SNKBUCL  |b slo  |c SNKBUCL  |e AACR2 
041 0 |a slo 
044 |a xo  |c SK 
080 |a 82:061.7:06.063:885.4  |2 1981 
080 |a 061.7  |2 1981 
080 |a 06.063  |2 1981 
080 |a 885.4  |2 1981 
100 1 |a Štítnická, Viera  |4 aut  |9 355070 
245 1 0 |a Zajtrajšok patrí nám  |c Viera Štítnická 
611 2 7 |a Pioniersky výtvarný a literárny Trenčín  |n (11. :  |d 1982 :  |c Trenčín, Slovensko)  |2 snkbucl  |9 162591 
650 0 7 |a literatúra juvenilná  |2 snkbucl  |9 921353 
650 0 7 |a literárne súťaže  |2 snkbucl  |9 4275 
651 7 |a 5210  |2 snkbucl  |9 276500 
655 7 |a články z novín a časopisov  |2 snkbucl  |9 267496 
655 7 |a články z odboru literárna veda a krásna literatúra  |2 snkbucl  |9 770045 
773 0 |t Pionier  |g Roč. 13, č. 1 (1982), s. 19 
850 |a Slovenská národná knižnica v Martine  |a MTA001 
852 |a SNK  |b KIS3GCP 
958 |a RK 
958 |a LX 
992 |a RBX 
999 |c 1664062  |d 1665992